ARRUPE JESUIT UNIVERSITY

CORONAVIRUS -STOP THE SPREAD - CLEAN,DISINFECT,COVER

The lives of the kings and queens of England / (Record no. 130251)

MARC details
000 -LEADER
fixed length control field 00875cam a2200265 i 4500
001 - CONTROL NUMBER
control field 3639105
003 - CONTROL NUMBER IDENTIFIER
control field ARRUPE
005 - DATE AND TIME OF LATEST TRANSACTION
control field 20200131115925.0
008 - FIXED-LENGTH DATA ELEMENTS--GENERAL INFORMATION
fixed length control field 750625s1975 enkabj 001 0ceng
010 ## - LIBRARY OF CONGRESS CONTROL NUMBER
LC control number 75315670
015 ## - NATIONAL BIBLIOGRAPHY NUMBER
National bibliography number GB***
020 ## - INTERNATIONAL STANDARD BOOK NUMBER
International Standard Book Number 0297769111 :
Terms of availability £5.00
040 ## - CATALOGING SOURCE
Original cataloging agency DLC
Transcribing agency DLC
Modifying agency DLC
043 ## - GEOGRAPHIC AREA CODE
Geographic area code e-uk---
050 00 - LIBRARY OF CONGRESS CALL NUMBER
Classification number DA28.1
Item number .L58 1975
082 00 - DEWEY DECIMAL CLASSIFICATION NUMBER
Classification number 929.7/2
300 ## - PHYSICAL DESCRIPTION
Other physical details ill. (some col.), geneal. tables, map ;
Dimensions 26 cm.
245 04 - TITLE STATEMENT
Title The lives of the kings and queens of England /
Statement of responsibility, etc edited by Antonia Fraser ; heraldic consultant, J. P. Brooke-Little.
260 ## - PUBLICATION, DISTRIBUTION, ETC. (IMPRINT)
Place of publication, distribution, etc London :
Name of publisher, distributor, etc Weidenfeld & Nicolson,
Date of publication, distribution, etc [1975]
300 ## - PHYSICAL DESCRIPTION
Extent 360 p. :
500 ## - GENERAL NOTE
General note Includes index.
651 #0 - SUBJECT ADDED ENTRY--GEOGRAPHIC NAME
Geographic name Great Britain
General subdivision Kings and rulers
-- Biography.
9 (RLIN) 6218
700 1# - ADDED ENTRY--PERSONAL NAME
Personal name Fraser, Antonia,
Dates associated with a name 1932-
9 (RLIN) 49247
906 ## - LOCAL DATA ELEMENT F, LDF (RLIN)
a 7
b cbc
c orignew
d 3
e ncip
f 19
g y-gencatlg
942 ## - ADDED ENTRY ELEMENTS (KOHA)
Source of classification or shelving scheme Library of Congress Classification
Koha item type Monograph ( Printed materials)
Holdings
Withdrawn status Lost status Source of classification or shelving scheme Damaged status Not for loan Collection code Home library Current library Shelving location Date acquired Total Checkouts Full call number Barcode Date last seen Price effective from Koha item type
    Library of Congress Classification     Main Collection ARRUPE LIBRARY ARRUPE LIBRARY Main Collection 31/01/2020   DA28.1 .L58 1975 46600006618 31/01/2020 31/01/2020 Monograph ( Printed materials)

 

Arrupe Library. PO Box MP320 Mt Pleasant, Harare, Zimbabwe
263 242 745411|librarian@aju.ac.zw